[Event "Zagreb City-ch"]
[Site "Zagreb"]
[Date "2013.11.11"]
[Round "7"]
[White "Havas, Janko"]
[Black "Vitaljic, Nebojsa"]
[Result "1/2-1/2"]
[WhiteElo "2114"]
[BlackElo "2083"]
[PlyCount "40"]
[EventDate "2013.11.04"]
[EventType "swiss"]
[EventRounds "9"]
[EventCountry "CRO"]
[SourceTitle "EXT 2015"]
[Source "ChessBase"]
[SourceDate "2014.11.20"]
[SourceVersion "1"]
[SourceVersionDate "2014.11.20"]
[SourceQuality "1"]

1. Nf3 Nf6 2. g3 c5 3. Bg2 d5 4. 0-0 Bf5 5. c4 e6 6. d3 Nc6 7. Qa4 Qa5 8. Qb3 Qb4 9. Nc3 dxc4 10. Qxc4 Qxc4 11. dxc4 e5 12. Bg5 0-0-0 13. Nd5 h6 14. Bxf6 gxf6 15. Nxf6 Be6 16. Rac1 Be7 17. Nd5 Bxd5 18. cxd5 Rxd5 19. b4 Nxb4 20. e4 Rd4 1/2-1/2

[Event "Zagreb City-ch"]
[Site "Zagreb"]
[Date "2013.11.10"]
[Round "6"]
[White "Vitaljic, Nebojsa"]
[Black "Rubil, Marko"]
[Result "1-0"]
[WhiteElo "2083"]
[BlackElo "2222"]
[PlyCount "82"]
[EventDate "2013.11.04"]
[EventType "swiss"]
[EventRounds "9"]
[EventCountry "CRO"]
[SourceTitle "EXT 2015"]
[Source "ChessBase"]
[SourceDate "2014.11.20"]
[SourceVersion "1"]
[SourceVersionDate "2014.11.20"]
[SourceQuality "1"]

1. Nf3 d5 2. g3 g6 3. d4 Bg7 4. Bg2 Nh6 5. 0-0 Nf5 6. c3 Nd7 7. e4 dxe4 8. Ng5 Nf6 9. Nxe4 Nxe4 10. Bxe4 0-0 11. Qe2 Re8 12. f4 c6 13. Nd2 Qc7 14. Bg2 a5 15. Nf3 b6 16. Rd1 Ba6 17. Qf2 Rad8 18. g4 Nd6 19. Ne5 Bb7 20. b3 Qc8 21. h3 Rf8 22. Nc4 Qc7 23. Nxd6 Qxd6 24. Be3 Rd7 25. f5 Qf6 26. Rf1 g5 27. h4 h6 28. hxg5 hxg5 29. Qd2 Bh6 30. c4 Rfd8 31. Rae1 Bg7 32. d5 cxd5 33. c5 bxc5 34. Bxc5 d4 35. Bxb7 Rxb7 36. Qxa5 Rbd7 37. Bxe7 Qh6 38. Bxd8 Qh4 39. Re8+ Kh7 40. Qa8 d3 41. Qh1 Bd4+ 1-0

[Event "Zagreb City-ch"]
[Site "Zagreb"]
[Date "2013.11.04"]
[Round "1"]
[White "Pecnik, Leo"]
[Black "Vitaljic, Nebojsa"]
[Result "1-0"]
[WhiteElo "2253"]
[BlackElo "2083"]
[PlyCount "39"]
[EventDate "2013.11.04"]
[EventType "swiss"]
[EventRounds "9"]
[EventCountry "CRO"]
[SourceTitle "EXT 2015"]
[Source "ChessBase"]
[SourceDate "2014.11.20"]
[SourceVersion "1"]
[SourceVersionDate "2014.11.20"]
[SourceQuality "1"]

1. e4 c5 2. Nf3 Nc6 3. b4 Nxb4 4. c3 Nc6 5. d4 cxd4 6. cxd4 d5 7. exd5 Qxd5 8. Nc3 Qa5 9. d5 Qxc3+ 10. Bd2 Qc5 11. dxc6 bxc6 12. Qa4 e5 13. Rc1 Qd5 14. Bc4 Qd6 15. 0-0 Bd7 16. Nxe5 Qxd2 17. Rcd1 Qb2 18. Bxf7+ Ke7 19. Qh4+ g5 20. Qxg5+ 1-0

[Event "CRO-chT2 Center"]
[Site "Zagreb"]
[Date "2012.04.01"]
[Round "6.44"]
[White "Havas, Ladislav"]
[Black "Vitaljic, Nebojsa"]
[Result "1-0"]
[WhiteElo "2257"]
[BlackElo "2119"]
[PlyCount "93"]
[EventDate "2012.03.18"]
[EventType "team-swiss"]
[EventRounds "11"]
[EventCountry "CRO"]
[SourceTitle "EXT 2014"]
[Source "ChessBase"]
[SourceDate "2013.11.20"]
[SourceVersion "1"]
[SourceVersionDate "2013.11.20"]
[SourceQuality "1"]

1. d4 c5 2. d5 d6 3. Nc3 g6 4. e4 Nf6 5. f4 Bg7 6. Bb5+ Kf8 7. Nf3 Qa5 8. e5 Ne4 9. a4 Bf5 10. 0-0 Nxc3 11. bxc3 Qxc3 12. Ra2 Qa5 13. Qe2 Qd8 14. h3 h5 15. Bd3 dxe5 16. Bxf5 gxf5 17. fxe5 e6 18. dxe6 fxe6 19. Rd1 Qe8 20. Bg5 Na6 21. c3 Nc7 22. c4 Qc6 23. Qf2 b6 24. a5 Rc8 25. axb6 axb6 26. Qf1 h4 27. Bxh4 Qe4 28. Re1 Rxh4 29. Rxe4 Rxe4 30. Ra7 Bh6 31. Qd1 Be3+ 32. Kh2 Bd4 33. Qa4 b5 34. Qa5 bxc4 35. Nxd4 cxd4 36. Qc5+ Ke8 37. Qxc4 Rxe5 38. Qxd4 Rd5 39. Qg7 Rc5 40. h4 Rc4 41. Kh3 Rg4 42. Qh7 Kd8 43. h5 Rc4 44. h6 Rc3+ 45. Kh2 Rc4 46. Kh3 Rg4 47. Qf7 1-0

[Event "CRO-chT2 Center"]
[Site "Croatia"]
[Date "2011.03.27"]
[Round "3.44"]
[White "Mihalincic, Tomislav"]
[Black "Vitaljic, Nebojsa"]
[Result "1-0"]
[WhiteElo "2252"]
[BlackElo "2152"]
[PlyCount "93"]
[EventDate "2011.03.20"]
[EventType "team-tourn"]
[EventRounds "11"]
[EventCountry "CRO"]
[SourceTitle "EXT 2014"]
[Source "ChessBase"]
[SourceDate "2013.11.20"]
[SourceVersion "1"]
[SourceVersionDate "2013.11.20"]
[SourceQuality "1"]

1. e4 c5 2. Nf3 g6 3. d4 cxd4 4. Nxd4 Nf6 5. Nc3 d6 6. Be3 Bg7 7. f3 0-0 8. Qd2 Nc6 9. 0-0-0 Nxd4 10. Bxd4 Be6 11. g4 Qa5 12. Kb1 Rfc8 13. a3 Nd7 14. Nd5 Qd8 15. Bxg7 Kxg7 16. h4 Bxd5 17. exd5 h6 18. g5 h5 19. Qd4+ Kh7 20. Bh3 Rc7 21. Rh2 Qh8 22. Re2 Qxd4 23. Rxd4 Re8 24. f4 Kg7 25. c4 Kf8 26. b3 Nc5 27. Kb2 f5 28. gxf6 exf6 29. Rxe8+ Kxe8 30. b4 Na4+ 31. Kb3 b5 32. Re4+ Kf8 33. cxb5 Rc3+ 34. Kxa4 Rxh3 35. b6 axb6 36. Kb5 Rxh4 37. Kxb6 g5 38. Kc7 Rxf4 39. Re1 g4 40. b5 g3 41. b6 Rg4 42. Kxd6 Rg7 43. Kc6 g2 44. b7 Rxb7 45. Kxb7 h4 46. d6 h3 47. d7 1-0

[Event "Velika Gorica op 8th"]
[Site "Velika Gorica"]
[Date "2008.08.27"]
[Round "6"]
[White "Vitaljic, Nebojsa"]
[Black "Blazeka, Matej"]
[Result "0-1"]
[WhiteElo "2141"]
[BlackElo "1970"]
[PlyCount "102"]
[EventDate "2008.08.23"]
[EventType "swiss"]
[EventRounds "9"]
[EventCountry "CRO"]
[SourceTitle "CBM 126 Extra"]
[Source "ChessBase"]
[SourceDate "2008.11.05"]
[SourceVersion "1"]
[SourceVersionDate "2008.11.05"]
[SourceQuality "1"]

1. c4 g6 2. g3 Bg7 3. Bg2 e5 4. Nc3 Nf6 5. e3 d6 6. Nge2 c6 7. 0-0 0-0 8. d4 Nbd7 9. d5 Qc7 10. dxc6 bxc6 11. Nb5 cxb5 12. Bxa8 bxc4 13. Nc3 Nb6 14. Bg2 Rd8 15. a4 a6 16. a5 Nbd7 17. Qa4 Nf8 18. Rd1 Be6 19. e4 Bg4 20. Re1 Bd7 21. Qa2 Ne6 22. Be3 Nd4 23. Rac1 Rc8 24. Bg5 Be6 25. Nd5 Bxd5 26. exd5 Qc5 27. Rc3 Nxd5 28. Be3 Qb5 29. Bxd4 exd4 30. Rf3 d3 31. Rxd3 Nb4 32. Rb3 Nxa2 33. Rxb5 axb5 34. a6 Nb4 35. Bb7 Rd8 36. a7 Bxb2 37. a8Q Rxa8 38. Bxa8 d5 39. Re8+ Kg7 40. Rb8 c3 41. Rxb5 c2 42. Rxb4 c1Q+ 43. Kg2 d4 44. Be4 Qc3 45. Rb7 d3 46. Bd5 d2 47. Bxf7 Qc6+ 48. Bd5+ Qxb7 49. Bxb7 d1Q 50. f4 Qd2+ 51. Kh3 Qd7+ 0-1

[Event "Zagreb op-B"]
[Site "Zagreb"]
[Date "2008.05.15"]
[Round "4"]
[White "Margitic, Zdravko"]
[Black "Vitaljic, Nebojsa"]
[Result "1/2-1/2"]
[WhiteElo "2199"]
[BlackElo "2109"]
[PlyCount "63"]
[EventDate "2008.05.12"]
[EventType "swiss"]
[EventRounds "9"]
[EventCountry "CRO"]
[SourceTitle "CBM 124 Extra"]
[Source "ChessBase"]
[SourceDate "2008.07.03"]
[SourceVersion "1"]
[SourceVersionDate "2008.07.03"]
[SourceQuality "1"]

1. e4 c5 2. Nf3 Nc6 3. g3 g6 4. Bg2 Bg7 5. 0-0 d6 6. c3 e5 7. Na3 Nge7 8. Nc2 0-0 9. d4 exd4 10. cxd4 Bg4 11. dxc5 dxc5 12. Qxd8 Raxd8 13. Be3 b6 14. Rab1 Nd4 15. Ncxd4 cxd4 16. Bd2 Nc6 17. Rfc1 Rc8 18. b4 Rfe8 19. Bf4 Be6 20. a3 d3 21. e5 Bd5 22. b5 Na5 23. Ne1 Bxg2 24. Kxg2 Rxc1 25. Rxc1 Nb3 26. Rd1 Bxe5 27. Nxd3 Bxf4 28. Nxf4 Nc5 29. Nd5 Kg7 30. Nb4 Re2 31. Nd3 Nxd3 32. Rxd3 1/2-1/2

[Event "CRO-chT3"]
[Site "Zagreb"]
[Date "2008.04.13"]
[Round "3"]
[White "Golub, Vladimir"]
[Black "Vitaljic, Nebojsa"]
[Result "1/2-1/2"]
[WhiteElo "2085"]
[BlackElo "2109"]
[PlyCount "45"]
[EventDate "2008.03.30"]
[EventType "team-tourn"]
[EventRounds "9"]
[EventCountry "CRO"]
[SourceTitle "EXT 2011"]
[Source "ChessBase"]
[SourceDate "2010.11.26"]
[SourceVersion "1"]
[SourceVersionDate "2010.11.26"]
[SourceQuality "1"]

1. e4 c5 2. Nf3 Nc6 3. d4 cxd4 4. Nxd4 Nf6 5. Nc3 g6 6. Be3 Bg7 7. Bc4 Ng4 8. Nxc6 Nxe3 9. Bxf7+ Kf8 10. Nxd8 Nxd1 11. Rxd1 Bxc3+ 12. bxc3 Kg7 13. Nxb7 Kxf7 14. Nc5 d6 15. Nd3 Be6 16. a4 Rhc8 17. Ra1 Rxc3 18. Kd2 Rac8 19. Rhc1 a5 20. f3 Bd7 21. Ra2 Be6 22. Raa1 Bd7 23. Ra2 1/2-1/2

[Event "Velika Gorica op 4th"]
[Site "Velika Gorica"]
[Date "2004.08.25"]
[Round "6"]
[White "Babic, Bozidar"]
[Black "Vitaljic, Nebojsa"]
[Result "1/2-1/2"]
[WhiteElo "2028"]
[BlackElo "2158"]
[PlyCount "65"]
[EventDate "2004.08.21"]
[EventType "swiss"]
[EventRounds "9"]
[EventCountry "CRO"]
[SourceTitle "EXT 2005"]
[Source "ChessBase"]
[SourceDate "2004.11.15"]
[SourceVersion "1"]
[SourceVersionDate "2004.11.15"]
[SourceQuality "1"]

1. c4 e5 2. Nc3 Nc6 3. e3 g6 4. d4 exd4 5. exd4 Bg7 6. Nf3 d6 7. h3 Bf5 8. Be2 h5 9. 0-0 Qd7 10. a3 Nge7 11. Kh2 a6 12. Re1 0-0-0 13. b4 Nb8 14. Be3 c5 15. Na4 Qc7 16. bxc5 dxc5+ 17. Kh1 cxd4 18. Qb3 Nbc6 19. Nb6+ Kb8 20. Bd2 d3 21. Bf1 Bxa1 22. Rxa1 f6 23. Re1 g5 24. g3 Rd6 25. c5 Rdd8 26. Bc3 Rhf8 27. Qb2 Ng8 28. Bd2 Rfe8 29. Rb1 Be4 30. Bg2 g4 31. hxg4 hxg4 32. Nh4 Bxg2+ 33. Kxg2 1/2-1/2

[Event "Bled op 24th"]
[Site "Bled"]
[Date "2003.07.19"]
[Round "7"]
[White "Crepan, Marjan"]
[Black "Vitaljic, Nebojsa"]
[Result "1-0"]
[WhiteElo "2250"]
[BlackElo "2181"]
[PlyCount "77"]
[EventDate "2003.07.14"]
[EventType "swiss"]
[EventRounds "9"]
[EventCountry "SLO"]
[SourceTitle "CBM 095 Extra"]
[Source "ChessBase"]
[SourceDate "2003.09.04"]
[SourceVersion "1"]
[SourceVersionDate "2003.09.04"]
[SourceQuality "1"]

1. e4 c5 2. Nf3 g6 3. d4 cxd4 4. Nxd4 Nc6 5. Nc3 Bg7 6. Be3 Nf6 7. Be2 0-0 8. Nb3 d6 9. 0-0 b6 10. f4 Bb7 11. Bf3 Nd7 12. Qe1 Nc5 13. Rd1 Nxb3 14. cxb3 Qc8 15. Rf2 f5 16. h3 Nb4 17. a3 Nc6 18. b4 Kh8 19. Rc2 Qe8 20. exf5 gxf5 21. Nb5 Rc8 22. Rdc1 a6 23. Na7 Nd4 24. Rxc8 Nxf3+ 25. gxf3 Qg6+ 26. Kh2 Bxc8 27. Rxc8 Rxc8 28. Nxc8 Qe6 29. Nxb6 d5 30. Qd2 h5 31. Nxd5 Kh7 32. Bf2 Qd6 33. Bc5 Qc6 34. Bxe7 Qc4 35. Bf6 Bh6 36. Be5 h4 37. Nf6+ Kg6 38. Qg2+ Kf7 39. Qg8+ 1-0

[Event "Bled op 24th"]
[Site "Bled"]
[Date "2003.07.15"]
[Round "2"]
[White "Vitaljic, Nebojsa"]
[Black "Vukovic, Zdravko"]
[Result "1/2-1/2"]
[WhiteElo "2181"]
[BlackElo "2439"]
[PlyCount "70"]
[EventDate "2003.07.14"]
[EventType "swiss"]
[EventRounds "9"]
[EventCountry "SLO"]
[SourceTitle "CBM 095 Extra"]
[Source "ChessBase"]
[SourceDate "2003.09.04"]
[SourceVersion "1"]
[SourceVersionDate "2003.09.04"]
[SourceQuality "1"]

1. Nf3 e6 2. g3 b5 3. Bg2 Bb7 4. 0-0 Be7 5. Nd4 Bxg2 6. Kxg2 a6 7. e4 c5 8. Nf3 Nf6 9. d3 Nc6 10. a4 0-0 11. Qe2 Qb6 12. Nbd2 d5 13. Ng5 h6 14. Nh3 Nd4 15. Qd1 dxe4 16. c3 Nc6 17. dxe4 Ne5 18. Qe2 Rad8 19. axb5 axb5 20. f4 Nd3 21. Nf2 Nxc1 22. Raxc1 c4 23. b3 cxb3 24. Nxb3 Rd7 25. Rfd1 Rfd8 26. Rxd7 Rxd7 27. c4 bxc4 28. Qxc4 h5 29. Rc3 Bb4 30. Qc6 Qa7 31. Rc1 Qe3 32. e5 Ng4 33. Nxg4 hxg4 34. Qxd7 Qe2+ 35. Kg1 Qe3+ 1/2-1/2

[Event "Ljubljana op 14th"]
[Site "Ljubljana"]
[Date "2003.06.24"]
[Round "5"]
[White "Jelen, Igor"]
[Black "Vitaljic, Nebojsa"]
[Result "1/2-1/2"]
[WhiteElo "2372"]
[BlackElo "2182"]
[PlyCount "55"]
[EventDate "2003.06.21"]
[EventType "swiss"]
[EventRounds "9"]
[EventCountry "SLO"]
[SourceTitle "EXT 2004"]
[Source "ChessBase"]
[SourceDate "2003.11.25"]
[SourceVersion "1"]
[SourceVersionDate "2003.11.25"]
[SourceQuality "1"]

1. d4 Nf6 2. c4 c6 3. Nc3 d5 4. Nf3 a6 5. e3 g6 6. Be2 Bg7 7. 0-0 0-0 8. b3 b6 9. Bb2 Bb7 10. Qc2 Nbd7 11. Rfd1 Rc8 12. Rac1 Re8 13. Qb1 e6 14. b4 Qe7 15. a3 dxc4 16. Bxc4 c5 17. bxc5 bxc5 18. d5 exd5 19. Nxd5 Bxd5 20. Bxd5 Rb8 21. Bc6 Rec8 22. Ba4 Nd5 23. Rd2 Ne5 24. Rxd5 Nxf3+ 25. gxf3 Rxb2 26. Qd3 Qh4 27. Bc2 c4 28. Qe4 1/2-1/2

[Event "Bosnjaci op 9th"]
[Site "Bosnjaci"]
[Date "2003.01.06"]
[Round "7"]
[White "Bender, Ivan"]
[Black "Vitaljic, Nebojsa"]
[Result "1-0"]
[WhiteElo "2271"]
[BlackElo "2179"]
[PlyCount "75"]
[EventDate "2003.01.03"]
[EventType "swiss"]
[EventRounds "7"]
[EventCountry "CRO"]
[SourceTitle "EXT 2004"]
[Source "ChessBase"]
[SourceDate "2003.11.25"]
[SourceVersion "1"]
[SourceVersionDate "2003.11.25"]
[SourceQuality "1"]

1. d4 Nf6 2. c4 g6 3. Nc3 d5 4. Nf3 Bg7 5. e3 0-0 6. Bd2 a6 7. Rc1 dxc4 8. Bxc4 b5 9. Be2 Bb7 10. Nb1 Nbd7 11. Ba5 Nb6 12. Nbd2 Nfd7 13. 0-0 f5 14. Ng5 Rf6 15. Bf3 Bxf3 16. Qxf3 h6 17. Nh3 e5 18. Bxb6 Nxb6 19. dxe5 Rf8 20. Rfd1 g5 21. Nc4 Nxc4 22. Rxd8 Raxd8 23. Qc6 Nxe5 24. Qxa6 Nd3 25. Rb1 Rf6 26. Qxb5 Rfd6 27. Qxf5 Nxb2 28. g4 Rd1+ 29. Rxd1 Nxd1 30. a4 Nc3 31. a5 Nd5 32. a6 Nb6 33. Qc5 Na8 34. Kg2 Kf7 35. Ng1 Bf8 36. Qf5+ Kg7 37. Nf3 Bd6 38. Nxg5 1-0